000
00280nam a2200085 4500
999
_c
524669
_d
524669
082
_a
BA27x54 In2e
245
_a
Evaluation of the scheme of the scholarship to the St students for studies abroad : final report
260
_a
New Delhi
_b
Ministry of Tribal Affairs
_c
2022
300
_a
72p.